Improvement in the relation of hot tear resistance to heat build-up by factice-compensated cure of SBR (Record no. 60861)

MARC details
000 -LEADER
fixed length control field 00360nam a2200121Ia 4500
100 ## - MAIN ENTRY--AUTHOR NAME
Personal name Flint C F
245 #0 - TITLE STATEMENT
Title Improvement in the relation of hot tear resistance to heat build-up by factice-compensated cure of SBR
260 ## - PUBLICATION, DISTRIBUTION, ETC. (IMPRINT)
Name of publisher IRI Transactions
Year of publication 1962
300 ## - PHYSICAL DESCRIPTION
Number of Pages T16-T22
700 ## - ADDED ENTRY--PERSONAL NAME
Personal name Inch D L
942 ## - ADDED ENTRY ELEMENTS (KOHA)
Koha item type Journals
Holdings
Withdrawn status Lost status Damaged status Not for loan Home library Current library Shelving location Date acquired Serial Enumeration / chronology Koha item type
      Journals RRII Library RRII Library Rubber chemistry 17/12/2021 Volume 38, Issue 1 Journals